000 00447nam a2200181Ia 4500
005 20250423094515.0
008 250422s9999 xx 000 0 und d
020 _a0-88166-525-8
050 _aHF 5389 .3 .A78 B67/
100 _aMary Murray Bosrock
245 0 _aAsian Business Customs And Manners
260 _aNew York
260 _bMeadowbrook Press
260 _c2007
300 _a383 p
650 _aBusiness etiquette
942 _cBK
999 _c27439
_d27439